00510nam a2200205Ia 4500008004100000020001400041050001600055100002100071245002300092245005300115245002400168260001500192260001600207260000900223300001600232300002000248300001000268300001800278500000800296170918s9999 xx 000 0 und d a439341922 bD392so 2001 aDenenberg, Barry aSo far from home : bthe diary of mary driscoll, an Irish mill girl / cby Barry Denenberg. aNew York : bScholastic, c2001 a170 pages : billustrations ; c19cm. eDear America. a710